Normal view
MARC view
Entry Topical Term
001 - CONTROL NUMBER
- control field: 1000
003 - CONTROL NUMBER IDENTIFIER
- control field: BD-RjUL
005 - DATE AND TIME OF LATEST TRANSACTION
- control field: 20220131105222.0
008 - FIXED-LENGTH DATA ELEMENTS
- fixed length control field: 220131|| aca||aabn | a|a d
040 ## - CATALOGING SOURCE
- Original cataloging agency: BD-RjUL
- Transcribing agency: BD-RjUL
150 ## - HEADING--TOPICAL TERM
- Topical term or geographic name entry element: আরবী কাব্যে রাজনীতি
- Form subdivision: রাজনীতিবিদ
- General subdivision: ইতিহাস ও সমালোচনা
670 ## - SOURCE DATA FOUND
- Source citation: Work cat.: (BD-RjUL)79284: আলম, মো. মাহবুবুল 999, আধুনিক আরবী কাব্যে রাজনীতি ও রাজনীতিবিদ :, ২০১৪